The other side / (Record no. 7541)
[ view plain ]
| 000 -LEADER | |
|---|---|
| fixed length control field | 00932nam a22002777a 4500 |
| 001 - CONTROL NUMBER | |
| control field | 7541 |
| 003 - CONTROL NUMBER IDENTIFIER | |
| control field | 9780399231162 |
| 005 - DATE AND TIME OF LATEST TRANSACTION | |
| control field | 20250723151159.0 |
| 008 - FIXED-LENGTH DATA ELEMENTS--GENERAL INFORMATION | |
| fixed length control field | 250723b cb ||||| |||| 00| 0 eng d |
| 020 ## - INTERNATIONAL STANDARD BOOK NUMBER | |
| International Standard Book Number | 9780399231162 |
| 040 ## - CATALOGING SOURCE | |
| Original cataloging agency | FISKH |
| Language of cataloging | eng |
| Transcribing agency | FISKH |
| Modifying agency | FISKH |
| 050 ## - LIBRARY OF CONGRESS CALL NUMBER | |
| Classification number | PZ7.W868 T |
| 082 ## - DEWEY DECIMAL CLASSIFICATION NUMBER | |
| Classification number | 361.2 |
| 100 ## - MAIN ENTRY--PERSONAL NAME | |
| Personal name | Woodson, Jacqueline |
| 245 ## - TITLE STATEMENT | |
| Title | The other side / |
| Statement of responsibility, etc. | Jacqueline Woodson ; illustrated by E. B. Lewis |
| 260 ## - PUBLICATION, DISTRIBUTION, ETC. | |
| Place of publication, distribution, etc. | New York : |
| Name of publisher, distributor, etc. | Penguin Young Reader Group, |
| Date of publication, distribution, etc. | 2001. |
| 300 ## - PHYSICAL DESCRIPTION | |
| Extent | 32 unnumbered pages : |
| Other physical details | color illustrations ; |
| Dimensions | 26 x 30 cm |
| 505 ## - FORMATTED CONTENTS NOTE | |
| Formatted contents note | J<br/> |
| 520 ## - SUMMARY, ETC. | |
| Summary, etc. | Two girls, one white and one black, gradually get to know each other as they sit on the fence that divides their town. |
| 521 8# - TARGET AUDIENCE NOTE | |
| Target audience note | 490<br/> |
| Source | Lexile AD<br/> |
| 521 8# - TARGET AUDIENCE NOTE | |
| Target audience note | J<br/> |
| Source | Raz-Plus<br/> |
| 650 ## - SUBJECT ADDED ENTRY--TOPICAL TERM | |
| Topical term or geographic name entry element | Acceptance |
| Form subdivision | Discrimination |
| General subdivision | Diversity |
| Chronological subdivision | African American |
| 700 ## - ADDED ENTRY--PERSONAL NAME | |
| Personal name | Lewis, E. B. |
| 942 ## - ADDED ENTRY ELEMENTS (KOHA) | |
| Source of classification or shelving scheme | Dewey Decimal Classification |
| Koha item type | Books |
| Suppress in OPAC | No |
| Withdrawn status | Lost status | Source of classification or shelving scheme | Damaged status | Not for loan | Collection | Home library | Current library | Shelving location | Date acquired | Total Checkouts | Full call number | Barcode | Date last seen | Copy number | Price effective from | Koha item type |
|---|---|---|---|---|---|---|---|---|---|---|---|---|---|---|---|---|
| Dewey Decimal Classification | Juvenile Fiction | Footprints International School Library Network Toul Kork Campus | Footprints International School Library Network Toul Kork Campus | TK Primary Library Room(4th Floor), Bookcase 1&2, Shelves 1-16, Dark Blue Books | 07/23/2025 | WOO 361.2 PZ7.W868 T | FISTK02401 | 07/23/2025 | 1 | 07/23/2025 | Books |
